
Library Catalogue

| 000 -LEADER | |
|---|---|
| fixed length control field | 01500cam a2200229 i 4500 |
| 001 - CONTROL NUMBER | |
| control field | 18806518 |
| 005 - DATE AND TIME OF LATEST TRANSACTION | |
| control field | 20260209052537.0 |
| 008 - FIXED-LENGTH DATA ELEMENTS--GENERAL INFORMATION | |
| fixed length control field | 151005t20162016enk b 001 0 eng |
| 010 ## - LIBRARY OF CONGRESS CONTROL NUMBER | |
| LC control number | 2015953848 |
| 020 ## - INTERNATIONAL STANDARD BOOK NUMBER | |
| International Standard Book Number | 9780198707561 |
| 082 ## - DEWEY DECIMAL CLASSIFICATION NUMBER | |
| Classification number | 327.101 DUN |
| 245 00 - TITLE STATEMENT | |
| Title | International relations theories : |
| Remainder of title | discipline and diversity / |
| Statement of responsibility, etc. | edited by Tim Dunne, Milja Kurki and Steve Smith. |
| 250 ## - EDITION STATEMENT | |
| Edition statement | Fourth edition. |
| 264 #1 - PRODUCTION, PUBLICATION, DISTRIBUTION, MANUFACTURE, AND COPYRIGHT NOTICE | |
| Place of production, publication, distribution, manufacture | Oxford : |
| Name of producer, publisher, distributor, manufacturer | Oxford University Press, |
| Date of production, publication, distribution, manufacture, or copyright notice | 2016. |
| 300 ## - PHYSICAL DESCRIPTION | |
| Extent | xxiii, 364 p. ; |
| Dimensions | 25 cm. |
| 505 0# - FORMATTED CONTENTS NOTE | |
| Formatted contents note | Introduction : Diversity and disciplinarity in international relations theory / Steve Smith -- International relations and social science / Milja Kurki and Colin Wight -- Classical realism / Richard Ned Lebow -- Structural realism / John J. Mearsheimer -- Liberalism / Bruce Russell -- Neoliberalism / Jennifer Sterling-Folker -- The English school / Tim Dunne -- Marxism / Mark Rupert -- Critical theory / Steven C. Roach -- Constructivism / K.M. Fierke -- Feminism / J. Ann Tickner and Laura Sjoberg -- Poststructuralism / David Campbell and Roland Bleiker-- Postcolonialism / Shampa Biswas -- Normative international relations theory / Toni Erskine -- Green theory / Robyn Eckersley -- International relations theory and globalization / Colin Hay -- Still a discipline after all these debates? / Ole Waever -- Glossary. |
| 650 #0 - SUBJECT ADDED ENTRY--TOPICAL TERM | |
| Topical term or geographic name entry element | International relations. |
| 700 1# - ADDED ENTRY--PERSONAL NAME | |
| Personal name | Dunne, Timothy |
| 700 1# - ADDED ENTRY--PERSONAL NAME | |
| Personal name | Kurki, Milja |
| 700 1# - ADDED ENTRY--PERSONAL NAME | |
| Personal name | Smith, Steve |
| 942 ## - ADDED ENTRY ELEMENTS (KOHA) | |
| Source of classification or shelving scheme | Dewey Decimal Classification |
| Koha item type | BOOKs |
| Withdrawn status | Lost status | Damaged status | Not for loan | Collection code | Home library | Current library | Shelving location | Date acquired | Cost, normal purchase price | Total Checkouts | Full call number | Barcode | Date last seen | Price effective from | Koha item type |
|---|---|---|---|---|---|---|---|---|---|---|---|---|---|---|---|
| . | . | General Stacks | 05.11.2018 | 2579.00 | 327.101 DUN | 35524 | 01.02.2020 | 05.11.2018 | BOOKs |